000 00737nam a2200205Ii 4500
003 JO-AjNU
008 230605s9999||||xx |||||||||||||| ||und||
040 _aJO-AjNU
_bara
_erda
_cJO-AjNU
041 _aara
050 1 4 _aLC901.T4.M87 2002
100 3 _aموسى،مصطفى إسماعيل,
_eauthor
_923262
245 0 0 _aالإتجاهات الحديثة في طرائق تدريس التربية الدينية الإسلامية
250 _aط1
264 3 1 _aالعين:دار الكتاب الجامعي،2002
300 _a514ص
336 _atext
_btxt
_2rdacontent
337 _aunmediated
_bn
_2rdamedia
338 _avolume
_bnc
_2rdacarrier
650 4 _aتربية وتعليم-تربية إسلامية-تدريس
_923263
999 _aA8387
_c11955
_d11955